Country Flags That Have Most Blue - Sudden Death - Statistics

General Stats
  • This quiz has been taken 20 times
    4 since last reset
  • The average score is 8 of 16
Answers on the Grid
Answers color-coded by a green-red scale on the quiz's grid according to % correct below.
Australia
Bosnia
Botswana
Cape Verde
F.S Micronesia
Fiji
Kazakhstan
Kosovo
Marshall Islands
Nauru
New Zealand
Palau
Somalia
St. Lucia
Sweden
Tuvalu
Iceland
Argentina
Liechtenstein
France
Nicaragua
Honduras
El Salvador
Guatemala
Greece
Finland
Paraguay
Uruguay
North Korea
Laos
United Kingdom
Croatia
 
Answer Stats
Answer % Correct
Cape Verde
75%
F.S Micronesia
75%
Bosnia
50%
Botswana
50%
Kazakhstan
50%
Kosovo
50%
Marshall Islands
50%
Nauru
50%
New Zealand
50%
Palau
50%
Somalia
50%
St. Lucia
50%
Tuvalu
50%
Australia
25%
Fiji
25%
Sweden
25%
No matching quizzes found
Score Distribution
Percent of People with Each Score
Percentile by Number Answered
Your Score History
You have not taken this quiz since the last reset